000 00510nam a22001817a 4500
005 20251108164211.0
008 250721s1991 xx 000 0 ara d
082 1 4 _a211.63/جعل
100 1 _aالجعلي، إبراهيم طه أحمد
245 1 0 _aمن بلاغة القرآن الكريم /
264 1 _aالقاهرة :
_c1991.
300 _a232ص.
650 1 7 _aالقرآن الكريم
650 1 7 _aالبلاغة
650 1 7 _aاللغة العربية
942 _2ddc
_cBK
999 _c6181
_d6181